000 00582nam a2200205 a 4500
001 17179
005 20180713210300.0
008 140415s1989 sp 000 0 spa d
020 _a8474902274
041 _aspa
082 _a200
_bGIU
100 1 _aGiussani, Luigi,
_d1922-2005,.
245 1 4 _aLOS ORIGENES DE LA PRETENSION CRISTIANA :
_bCURSO BASICO DE CRISTIANISMO
250 _a1a ed.
260 _aESPAÑA :
_bEDICIONES ENCUENTRO,
_c1989
300 _a138
490 _aENSAYOS
_v55
650 1 4 _aRELIGION
700 1 _aRODRIGUEZ FIERRO, MARIA JOSE
_etr.
999 _c17179
_d17179